| 000 | 00790nam a2200265Ia 4500 | ||
|---|---|---|---|
| 003 | OSt | ||
| 005 | 20221006160520.0 | ||
| 006 | a|||||r|||| 00| 0 | ||
| 007 | ta | ||
| 008 | 221006b |||||||| |||| 00| 0 eng d | ||
| 024 | _a45,363 | ||
| 037 | _cSeries Articles | ||
| 040 |
_aEASL _cEASL _beng |
||
| 041 |
_2eng _aeng |
||
| 100 |
_aAndrew Amita _9673955 |
||
| 245 | 0 | _aRemonstrance moral imperative of Chinese scholar -official | |
| 260 |
_aAnn Arbor _bAssociation for Asian Studies Inc. USA. _c2014 |
||
| 300 |
_a5-9pp. _ccm. |
||
| 490 | _vV.19 | ||
| 650 |
_a Moral Imperative - Chinese Scholar _9673956 |
||
| 650 | _aAsian Studies | ||
| 700 |
_a Andre Lafleur Robert _9673957 |
||
| 942 |
_cREF _2CC |
||
| 999 |
_c1113455 _d1113455 |
||